Sports Quiz

Random Sports Quiz

Pro Bowl QBs 2000-2009 Quiz Stats

 Plays Quiz not verified by Sporcle

Challenge
Share
Tweet
Embed
Score 0/33 Timer 05:00
0 Plays Today
# of Pro Bowls QB % Correct
9Peyton Manning
99.8%
5Tom Brady
99.6%
6Brett Favre
99.5%
4Drew Brees
99.5%
6Donovan McNabb
98.7%
3Tony Romo
97.3%
1Eli Manning
97.3%
3Kurt Warner
97.1%
3Matt Hasselbeck
96.5%
2Philip Rivers
96.5%
3Michael Vick
95.5%
2Carson Palmer
95.4%
1Ben Roethlisberger
94.9%
3Daunte Culpepper
94.2%
4Jeff Garcia
94%
1Aaron Rodgers
94%
3Steve McNair
93.9%
# of Pro Bowls QB % Correct
3Rich Gannon
93.7%
1Matt Schaub
91.6%
2Marc Bulger
91.4%
2Trent Green
89.9%
1Jake Delhomme
89.6%
2Vince Young
88.3%
1David Garrard
88.2%
1Jake Plummer
85.3%
1Derek Anderson
84.5%
1Jay Cutler
83.7%
1Brad Johnson
78.8%
1Kerry Collins
76.3%
1Drew Bledsoe
74.2%
1Kordell Stewart
71.4%
1Brian Griese
55.5%
1Elvis Grbac
53.7%

You're not logged in!

Compare scores with friends on all Sporcle quizzes.
OR
Log In

You Might Also Like...

Show Comments

Extras

Created Feb 4, 2012ReportNominate
Tags:2000s, bowl, pro, Pro Bowl, Quarterbacks, team

Top Quizzes Today


Score Distribution

Your Account Isn't Verified!

In order to create a playlist on Sporcle, you need to verify the email address you used during registration. Go to your Sporcle Settings to finish the process.

Report this User

Report this user for behavior that violates our Community Guidelines.

Details: